[Event "POL-chT U20"]
[Site "Chotowa"]
[Date "2025.06.16"]
[Round "3.15"]
[White "Iwan, Patryk"]
[Black "Lesik, Sebastian"]
[Result "0-1"]
[WhiteElo "1952"]
[BlackElo "1835"]
[PlyCount "66"]
[EventDate "2025.06.14"]
[EventType "team-tourn"]
[EventRounds "9"]
[EventCountry "POL"]
[SourceTitle "CB27_2025"]
[SourceDate "2025.07.02"]
[SourceVersion "1"]
[SourceVersionDate "2025.07.02"]
[SourceQuality "1"]
[WhiteTeam "Warszawa Czternastka"]
[BlackTeam "Warszawa Polonia"]
[WhiteTeamCountry "POL"]
[BlackTeamCountry "POL"]

1. e4 c5 2. Nf3 e6 3. d4 cxd4 4. Nxd4 a6 5. c4 Nf6 6. Nc3 Qc7 7. a3 b6 8. Be3 Bb7 9. f3 d6 10. Be2 Nbd7 11. 0-0 Be7 12. Qd2 Rc8 13. Rfc1 0-0 14. b4 Qb8 15. Rc2 Bd8 16. Kh1 Bc7 17. Bg1 Rfe8 18. Nb3 Kh8 19. Rac1 d5 20. cxd5 exd5 21. Bd3 Bf4 22. Be3 Bxe3 23. Qxe3 dxe4 24. Nxe4 Rxc2 25. Rxc2 Nxe4 26. fxe4 f5 27. Qd4 Ne5 28. Rd2 Ng4 29. Qg1 fxe4 30. Be2 e3 31. Bxg4 exd2 32. Nxd2 Qf4 33. Bd7 Bxg2+ 0-1